La contemplación en la acción: Thomas Merton

Saved in:
Bibliografiske detaljer
Hovedforfatter: Beltrán Llavador, Fernando (Author)
Format: Bog
Sprog:spansk
Udgivet: Madrid San Pablo 1996
Serier:Colección Testigos, 25
Fag:
Tags: Tilføj Tag
Ingen Tags, Vær først til at tagge denne postø!

MARC

LEADER 00000nam a2200000 a 4500
001 UCP0497
003 CL-VaPUC
008 990313e19960000SP |||||||||||||||||spa|d
082 0 4 |a 248.34  |b BEL  |2 21 
100 0 |a Beltrán Llavador, Fernando  |e author  |9 425811 
245 1 3 |a La contemplación en la acción: Thomas Merton 
300 |a 172 p 
942 |c BK 
945 |d 19990313 00:00:00  |a aarredon 
260 |a Madrid  |b San Pablo  |c 1996 
650 0 |a Vida religiosa  |9 257284 
650 0 |a Contemplación  |9 317501 
650 0 |a Espiritualidad   |9 267331 
650 0 |a Alienación  |9 313050 
650 7 |a SANTIDAD  |2 CL-VaPUC  |9 394686 
583 |a last modification  |c 19990313 00:00:00  |k Rodrigo Vera 
490 0 |a Colección Testigos, 25 
999 |c 279271  |d 279269 
952 |0 0  |1 0  |4 0  |6 248_340000000000000_BEL_1996  |7 0  |8 A  |9 318259  |a BIBGIM  |b BIBGIM  |d 2019-11-20  |i 3488306  |o 248.34 BEL 1996  |p 3488306  |r 2025-01-15  |w 2019-11-20  |y BK  |k ORI